Kronika země Bójů. [1], Srdce v kamenném kruhu /

Hlavní autor: Bauerová, Anna, 1929-2019
Další autoři: Rytina, Václav, 1945-2004
Jazyk: Čeština
Vydáno: Praha : Šulc a spol., 1997
Vydání: Vyd. 1.
Témata:
Externí odkaz: Digitalizovaný dokument
Fyzický popis: 278 s. : il. ; 21 cm
Knihy
Uloženo v:
LEADER 01154nam a2200313 a 4500
001 000248213
003 CZ BrMZK
005 20050518071656.0
007 ta
008 960815s1997 xr f cze d
015 |a cnb000287658 
020 |a 80-85636-77-8 
035 |a (OCoLC)38762172 
040 |a BOA001  |b cze 
080 |a 885.0-311.6  |2 MRF 
100 1 |a Bauerová, Anna,  |d 1929-2019  |7 jk01011176  |4 aut 
245 1 0 |a Kronika země Bójů.  |n [1],  |p Srdce v kamenném kruhu /  |c Anna Bauerová ; [ilustrace Václav Rytina] 
246 3 0 |a Srdce v kamenném kruhu 
250 |a Vyd. 1. 
260 |a Praha :  |b Šulc a spol.,  |c 1997 
300 |a 278 s. :  |b il. ;  |c 21 cm 
653 0 |a Bójové  |a Keltové 
655 7 |a historické romány  |7 fd132414  |2 czenas 
700 1 |a Rytina, Václav,  |d 1945-2004  |7 jx20040906011  |4 ill 
856 4 1 |u http://www.digitalniknihovna.cz/mzk/uuid/uuid:bbcf6050-8cb7-11e2-8593-005056827e52  |y Digitalizovaný dokument  |x NDK 
910 |a BOA001  |b 2-1038.810,1 
964 |a Keltové  |y Česko  |x romány historické 
990 |a BK 
996 6 |b 2610060875  |c 2-1038.810,1  |l MZK  |r Sklad / do 1 hodiny  |n 33  |p p.v.  |w 000248213  |u 000010  |a 1  |e BOA001  |j MZK50  |s P